[Event "HUN-ch U12"]
[Site "Balatonlelle"]
[Date "2013.06.29"]
[Round "9"]
[White "Toth, Tamas"]
[Black "Vanczak, Tamas"]
[Result "1/2-1/2"]
[WhiteElo "1877"]
[BlackElo "1772"]
[PlyCount "65"]
[EventDate "2013.??.??"]
[EventType "tourn"]
[EventRounds "9"]
[EventCountry "HUN"]
[SourceTitle "EXT 2014"]
[Source "ChessBase"]
[SourceDate "2013.11.20"]
[SourceVersion "1"]
[SourceVersionDate "2013.11.20"]
[SourceQuality "1"]

1. e4 c5 2. Nf3 d6 3. d4 cxd4 4. Nxd4 Nf6 5. Nc3 a6 6. Bg5 e6 7. Qd2 Be7 8. 0-0-0 b5 9. Bd3 Qc7 10. a3 Nbd7 11. f4 Nc5 12. Rhe1 h6 13. Bxf6 Bxf6 14. Bxb5+ axb5 15. Ndxb5 Qc6 16. Nxd6+ Kf8 17. e5 Be7 18. Kb1 g6 19. Nce4 Nxe4 20. Rxe4 Bxd6 21. Qxd6+ Qxd6 22. exd6 Bb7 23. Rc4 Bxg2 24. Rc7 Kg7 25. c4 Rac8 26. Rxc8 Rxc8 27. b4 Kf8 28. b5 Rb8 29. a4 Ke8 30. c5 Kd7 31. Kc2 Rc8 32. Kb3 Rxc5 33. b6 1/2-1/2

[Event "HUN-chT2 Breyer 1213"]
[Site "Hungary"]
[Date "2013.01.27"]
[Round "7.4"]
[White "Kende, Gyorgy"]
[Black "Toth, Tamas"]
[Result "1-0"]
[WhiteElo "2143"]
[BlackElo "1946"]
[PlyCount "105"]
[EventDate "2012.09.16"]
[EventType "team-tourn"]
[EventRounds "11"]
[EventCountry "HUN"]
[SourceTitle "EXT 2014"]
[Source "ChessBase"]
[SourceDate "2013.11.20"]
[SourceVersion "1"]
[SourceVersionDate "2013.11.20"]
[SourceQuality "1"]
[WhiteTeam "Biatorbagy"]
[BlackTeam "Turul"]
[WhiteTeamCountry "HUN"]
[BlackTeamCountry "HUN"]

1. d4 Nf6 2. c4 g6 3. Nc3 Bg7 4. e4 0-0 5. Be3 d6 6. f3 e5 7. Nge2 Nc6 8. d5 Ne7 9. Qd2 a6 10. 0-0-0 b5 11. c5 dxc5 12. Bxc5 Nd7 13. Ba3 Re8 14. Kb1 Rb8 15. d6 b4 16. dxe7 Rxe7 17. Bxb4 Rxb4 18. Nd5 Rb8 19. Nxe7+ Qxe7 20. Nc3 Nb6 21. Qd8+ Qxd8 22. Rxd8+ Bf8 23. Bxa6 Kg7 24. Bxc8 Nxc8 25. Rhd1 Bc5 26. Kc2 Bd4 27. R1xd4 exd4 28. Rxd4 Nd6 29. b3 f6 30. Rd5 Kf7 31. Rc5 Rb7 32. a4 Ke6 33. Nd5 Ne8 34. Kc3 Kd6 35. b4 c6 36. Ne3 Nc7 37. Nc4+ Kd7 38. Na5 Rb6 39. Rc4 Ne6 40. Nb3 Kd6 41. Nd4 Nd8 42. h4 Nf7 43. a5 Ra6 44. f4 Nd8 45. Nb3 Nf7 46. Nc5 Ra7 47. Rd4+ Ke7 48. Rd1 Nd6 49. Kb3 f5 50. e5 Nb5 51. Rd3 Ke8 52. Ka4 Re7 53. a6 1-0

[Event "HUN-chT2 Breyer 1112"]
[Site "Hungary"]
[Date "2012.01.29"]
[Round "5.3"]
[White "Kormos, Andras"]
[Black "Toth, Tamas"]
[Result "1-0"]
[WhiteElo "2148"]
[BlackElo "1994"]
[PlyCount "151"]
[EventDate "2011.09.25"]
[EventType "team-tourn"]
[EventRounds "11"]
[EventCountry "HUN"]
[SourceTitle "EXT 2013"]
[Source "ChessBase"]
[SourceDate "2012.11.22"]
[SourceVersion "1"]
[SourceVersionDate "2012.11.22"]
[SourceQuality "1"]
[WhiteTeam "BEAC II"]
[BlackTeam "Turul"]
[WhiteTeamCountry "HUN"]
[BlackTeamCountry "HUN"]

1. g3 d5 2. Bg2 c6 3. Nf3 Bf5 4. d3 Qc8 5. h3 h5 6. Nc3 Nf6 7. Bf4 g6 8. Nd4 Bg7 9. Nxf5 Qxf5 10. e4 dxe4 11. dxe4 Qa5 12. 0-0 e5 13. Be3 0-0 14. a3 Rd8 15. Qe2 Nbd7 16. b4 Qc7 17. Rfd1 Nf8 18. Na4 Ne6 19. c3 b6 20. Ra2 Rxd1+ 21. Qxd1 Rd8 22. Rd2 Rxd2 23. Qxd2 Qd7 24. Qxd7 Nxd7 25. Bf1 Kf8 26. Nb2 Ke7 27. Be2 Nf6 28. f3 Ne8 29. a4 Kd7 30. Bc4 Nd6 31. Bd3 Bf6 32. Nc4 h4 33. a5 Nxc4 34. Bxc4 Bd8 35. axb6 Bxb6 36. Bxb6 axb6 37. gxh4 Ke7 38. Bxe6 Kxe6 39. Kf2 c5 40. bxc5 b5 41. h5 gxh5 42. Kg3 Kd7 43. Kh4 Kc6 44. Kxh5 Kxc5 45. Kg4 Kc4 46. h4 Kxc3 47. h5 b4 48. h6 b3 49. h7 b2 50. h8Q b1Q 51. Qxe5+ Kd3 52. Qd5+ Ke3 53. Qxf7 Qg1+ 54. Kf5 Qb1 55. Qc7 Kxf3 56. Qf4+ Ke2 57. Kg5 Qb5+ 58. e5 Qd5 59. Qf5 Qd8+ 60. Kf4 Qd2+ 61. Kg4 Qd4+ 62. Qf4 Qd7+ 63. Kg3 Qd3+ 64. Kg4 Qd7+ 65. Qf5 Qd4+ 66. Kg5 Qd8+ 67. Qf6 Qd2+ 68. Kg6 Qd3+ 69. Qf5 Qg3+ 70. Kf7 Qb3+ 71. e6 Qc4 72. Qe5+ Kf2 73. Kf8 Qc8+ 74. Kg7 Qe8 75. e7 Kg1 76. Qd4+ 1-0